000 00782nam a22001937a 4500
005 20200104041631.0
008 141211b xxu||||| |||| 00| 0 spa d
040 _cCO-BoIH
041 _aspa
044 _ack
090 _aEA
_b00196
245 0 _aEducación Ambiental y Comunicación 2010 - 2014 :
_bAgenda Intersectorial Articulación "Una cultura ambiental sostenible para Colombia"
260 _aBogotá D.C :
_bMinisterio de Educación Nacional,
_bMinisterio de Ambiente y Desarrollo Sostenible,
_bMinisterio de Tecnologías de la Información y las Comunicaciones,
_c2012.
300 _a26 pag
_eCD - Rom
650 4 _aPolítica ambiental
_zColombia.
_930139
650 _aConservación de los recursos
_930135
650 _aEducación Ambiental
_9162
942 _2z
_cLIBRO
_02
999 _c8880
_d8880